000
00312nam a22001457a 4500
008
210309b ||||| |||| 00| 0 eng d
020
_a
9781133309741
041
_a
eng
080
_2
2nd
_a
159.9
082
_2
2nd
_a
159.9
100
_a
49
101
_a
PSI
245
_a
On Course
_c
Wadsworth
942
_2
udc
_c
BK
999
_c
56097
_d
56097